[Event "Ch Italy (1/2 final)"]
[Site "masterchessopen.com - Arvier (Italy)"]
[Round "8"]
[White "Cazzaniga Walter (ITA)"]
[Black "Mulas Gianmarco (ITA)"]
[Result "1-0"]
[WhiteElo "2094"]
[BlackElo "2106"]

1.d4 e6 2.c4 f5 3.Nf3 Nf6 4.g3 Be7 5.Bg2 O-O 6.O-O Ne4 7.Qc2 Bf6 8.Nc3 Nxc3
9.Qxc3 c5 10.Qd3 Na6 11.d5 Nb4 12.Qb3 exd5 13.cxd5 d6 14.Nd2 b5 15.a3 Qa5
16.axb4 Qxa1 17.bxc5 Rb8 18.c6 Qa5 19.Nf3 Qc7 20.Bd2 b4 21.Ra1 a5 22.Bg5 Qb6
23.Bxf6 Rxf6 24.e3 Rg6 25.Qc4 Ba6 26.Qf4 Bd3 27.Ng5 Rd8 28.h3 Re8 29.Rd1 Qa6
30.Ne6 Rgxe6 31.dxe6 Rxe6 32.Bd5 {#r} 1-0

[Event "Bundesliga 2002/03"]
[Site "masterchessopen.com - Germany"]
[Round "2"]
[White "Sadler Matthew (ENG)"]
[Black "Schmittdiel Eckhard (GER)"]
[Result "1-0"]
[WhiteElo "2624"]
[BlackElo "2491"]

1.d4 f5 2.g3 Nf6 3.Bg2 e6 4.c4 Be7 5.Nf3 O-O 6.O-O Ne4 7.Be3 b6 8.d5 Bf6 9.Nd4
c5 10.dxc6 dxc6 11.Nc3 Nxc3 12.bxc3 Qe7 13.Qb3 Rf7 14.Rad1 Bb7 15.c5 Bxd4
16.Rxd4 bxc5 17.Rd2 c4 18.Qxc4 Nd7 19.Rb1 Nf6 20.Rdb2 {#r} 1-0

[Event "It (open)"]
[Site "masterchessopen.com - Gyongyos (Hungary)"]
[Date "2002.07.30"]
[Round "7"]
[White "Foldi Istvan (HUN)"]
[Black "Chetverik Maxim (RUS)"]
[Result "0-1"]
[WhiteElo "2338"]
[BlackElo "2369"]

1.c4 e6 2.g3 f5 3.Bg2 Nf6 4.d4 Be7 5.Nf3 O-O 6.O-O Ne4 7.Nbd2 Bf6 8.Qc2 d5
9.b3 c5 10.Bb2 cxd4 11.Nxd4 Nc6 12.Nxc6 bxc6 13.Rac1 Qb6 14.Bxf6 Rxf6 15.Nf3
Ba6 16.Nd4 Rd8 17.e3 Qc7 18.f4 c5 {#R} 0-1

[Event "It (cat.2)"]
[Site "masterchessopen.com - Budapest (Hungary)"]
[Round "8"]
[White "Soos Bela (GER)"]
[Black "Chetverik Maxim (RUS)"]
[Result "0-1"]
[WhiteElo "2265"]
[BlackElo "2314"]

1.Nf3 f5 2.d4 Nf6 3.g3 e6 4.Bg2 Be7 5.c4 O-O 6.O-O Ne4 7.b3 Bf6 8.Bb2 a5 9.Nc3
Nxc3 10.Bxc3 c6 11.Qc2 d5 12.e3 g5 13.Rad1 Bd7 14.Ne1 Be8 15.Nd3 b6 16.f4 g4
17.Ne5 Na6 18.Rc1 h5 19.Rf2 Be7 20.Bd2 Bd6 21.Bf1 {#R} 0-1

[Event "It (cat.8)"]
[Site "masterchessopen.com - Paris (France)"]
[Round "9"]
[White "Nikcevic Nebojsa (MNE)"]
[Black "Shirazi Kamran (FRA)"]
[Result "1-0"]
[WhiteElo "2454"]
[BlackElo "2389"]

{ } 1.d4 f5 2.g3 Nf6 3.Bg2 e6 4.c4 Be7 5.Nf3 O-O 6.O-O Ne4 7.Nbd2 Bf6 { ? }
8.Nxe4 ( 8.Qc2 d5 9.b3 Nc6 10.Bb2 Bd7 11.Rad1 a5 12.a3 Be8 13.Ne5 Qe7 14.Nxe4
fxe4 15.f3 Bxe5 16.dxe5 Qc5+ 17.Kh1 Bg6 18.f4 b5 19.e3 a4 20.b4 Qxc4 21.Rc1
Qxc2 22.Rxc2 Be8 23.Rfc1 Ra6 24.Bf1 Rb6 25.Rc5 g5 26.fxg5 Rf2 27.R5c2 Rf3 {
...1-0, Ibragimov Ildar 2575 - Mamedova Rena 2323 , Dubai 2000 It (open) } )
8...fxe4 9.Ne5 d5 10.Bf4 { -0.21 CAP } ( 10.Ng4 Bg5 11.f3 c5 12.fxe4 Rxf1+
13.Qxf1 dxc4 14.Bxg5 Qxg5 15.Ne5 Qf6 16.e3 Nc6 17.Nxc6 Qxf1+ 18.Bxf1 bxc6
19.Bxc4 Kf8 20.dxc5 Ke7 21.e5 Rb8 22.b3 Bd7 23.Rd1 Rf8 24.Rf1 Rb8 25.Rf4 Be8
26.Rd4 h6 27.Rd6 Bd7 28.Rd4 Rf8 29.Rf4 Rd8 { ...1-0, Roeder Mathias 2435 -
Gorbatow Alexej 2420 , Paks 1997 It (cat.8) } ) ( 10.Qb3 c5 11.e3 cxd4 12.exd4
Nc6 13.Nxc6 bxc6 14.Rd1 Kh8 15.Bf1 Bd7 16.Bf4 Be8 17.Be2 Qe7 18.Rac1 Bxd4
19.Rxd4 e5 20.Bxe5 Qxe5 21.Qe3 Bf7 22.f4 Qb8 { 1/2-1/2, Martens Martin 2325 -
Schaller, DDR 1990 corr. } ) ( 10.b3 Nc6 { +0.30 CAP } ) 10...c6 { N } (
10...c5 11.h4 cxd4 12.Qxd4 Bxh4 13.Rad1 Nc6 14.Nxc6 bxc6 15.Qc5 Bf6 16.Qxc6
Bd7 17.Qb7 Rf7 18.b3 Qe8 19.Qa6 Bc6 20.Rc1 d4 21.b4 Bb7 22.Qa5 e3 23.Bxb7 Rxb7
24.Be5 Bg5 25.f4 Bd8 26.Qa6 Rxb4 27.Bxd4 Ra4 28.Qb7 Bf6 29.Bxf6 gxf6 30.c5 {
...0-1, Lutz Rene 2200 - Kopp Helmut, Baden-Wuerttemberg 1989 Oberliga Baden
1988/89 } ) 11.f3 exf3 12.Nxf3 Nd7 13.Qc2 Kh8 14.Rad1 dxc4 15.Qxc4 Nb6 16.Qc5
Nd5 17.Bd6 Rg8 { ?! } ( 17...b6 { !? } 18.Qa3 Be7 19.Bxe7 Qxe7 { } ) 18.Ne5
Qe8 19.Qa3 Bd7 20.g4 Rd8 { ?? } ( { ? } 20...Bxe5 21.dxe5 Qg6 22.Qf3 Qg5 { } )
21.Be4 Bxe5 22.Bxe5 { ! } ( 22.dxe5 { ? } 22...g6 23.Bg2 Ra8 24.e4 { } )
22...Ne7 23.Bxh7 Rf8 24.Qh3 { } {#r} 1-0

[Event "Tournament (provincial)"]
[Site "masterchessopen.com - Valencia (Spain)"]
[Date "2004.01.24"]
[Round "2"]
[White "Mancebo Ibanez Fernando (ESP)"]
[Black "Garcia Tejera Daniel (ESP)"]
[Result "1-0"]
[WhiteElo "2245"]
[BlackElo "2076"]

1.d4 e6 2.Nf3 f5 3.g3 Nf6 4.Bg2 Be7 5.c4 O-O 6.O-O Ne4 7.b3 Bf6 8.Ba3 d6 9.Qd3
Nc6 10.Nbd2 Nxd2 11.Qxd2 Qe8 12.Rae1 Qh5 13.d5 Nd8 14.c5 dxc5 15.Bxc5 Re8
16.Nd4 Kh8 17.Nb5 Qf7 18.d6 cxd6 19.Bxd6 Bd7 20.Nc7 Rc8 21.Nxe8 Bc3 22.Qe3
Bxe1 23.Rxe1 Qxe8 24.Qxa7 Bc6 25.Rc1 Qd7 26.Qa3 {#r} 1-0

[Event "It (open)"]
[Site "masterchessopen.com - Chennai (India)"]
[Date "2004.01.25"]
[Round "6"]
[White "Syed Anwar Shazuli (IND)"]
[Black "Girinath P D S (IND)"]
[Result "0-1"]
[WhiteElo "2298"]
[BlackElo "2406"]

1.d4 e6 2.Nf3 f5 3.c4 Nf6 4.g3 Be7 5.Bg2 O-O 6.O-O Ne4 7.Nc3 Bf6 8.Qc2 d5
9.Bf4 c6 10.b4 Bd7 11.cxd5 cxd5 12.Rfd1 Nc6 13.Qb3 Qb6 14.e3 Qxb4 15.Nxe4 fxe4
16.Nd2 Qxb3 17.Nxb3 b6 18.Rac1 Be7 19.Bf1 g5 20.Be5 Ba3 21.Rc2 Nxe5 22.dxe5
Rac8 23.Rxc8 Rxc8 24.Nd4 Bb2 25.Bb5 Bxb5 26.Nxb5 a6 27.Nd4 Bxd4 28.Rxd4 b5
29.Kg2 g4 30.h3 gxh3+ 31.Kxh3 Rc2 32.a3 Rxf2 33.a4 Rf3 34.axb5 axb5 35.Rb4
Rxe3 36.Rxb5 Rf3 37.Kg4 Rf5 {#R} 0-1

[Event "It (open)"]
[Site "masterchessopen.com - Fouesnant (France)"]
[Date "2004.10.27"]
[Round "6"]
[White "Blazquez Denis (FRA)"]
[Black "Pytel Krzysztof (FRA)"]
[Result "0-1"]
[WhiteElo "2169"]
[BlackElo "2395"]

1.d4 e6 2.c4 f5 3.g3 Nf6 4.Bg2 Be7 5.Nf3 O-O 6.O-O Ne4 7.Qc2 Bf6 8.Nc3 Nxc3
9.bxc3 Nc6 10.Ba3 d6 11.Rad1 Qe8 12.c5 d5 13.Nd2 Kh8 14.f3 e5 15.e4 exd4
16.exd5 dxc3 17.dxc6 cxd2 18.cxb7 Bxb7 19.c6 Ba6 20.Bxf8 Qe3+ 21.Rf2 Qe1+
22.Rf1 Bd4+ 23.Kh1 Bxf1 24.Bxf1 Qf2 25.Bg2 Re8 26.Bxg7+ Kxg7 {#R} 0-1

[Event "It (open)"]
[Site "masterchessopen.com - Bratto (Italy)"]
[Date "2005.08.25"]
[Round "6"]
[White "Alberton Roberto (ITA)"]
[Black "Aglietti Graziano (ITA)"]
[Result "0-1"]
[WhiteElo "2143"]
[BlackElo "2067"]

1.d4 e6 2.c4 f5 3.g3 Nf6 4.Bg2 Be7 5.Nf3 O-O 6.O-O Ne4 7.b3 Bf6 8.Bb2 c5 9.e3
Nc6 10.Nbd2 d6 11.Qc2 Nxd2 12.Qxd2 e5 13.Rad1 e4 14.Ne1 cxd4 15.exd4 Bg5
16.Qe2 Re8 17.Nc2 Bd7 18.f3 Qc8 19.f4 Bf6 20.a3 Na5 21.Na1 Qc7 22.Bc3 Qb6
23.b4 Nxc4 24.Qxc4+ Be6 25.Qe2 Rac8 26.Qe3 Rc4 27.Kh1 Rec8 28.Bb2 a5 29.Nb3
axb4 30.Nd2 Rc2 31.Ba1 b3 32.Nxb3 Qxb3 33.Qxb3 Bxb3 34.g4 g6 35.gxf5 gxf5
36.Bh3 e3 37.Bxf5 Bd5+ {#R} 0-1

[Event "It (open)"]
[Site "masterchessopen.com - Nice (France)"]
[Date "2005.12.26"]
[Round "1"]
[White "Lazic Miroljub (SRB)"]
[Black "Ferrigno Jean-Pierre (FRA)"]
[Result "1-0"]
[WhiteElo "2472"]
[BlackElo "2131"]

1.g3 f5 2.Nf3 Nf6 3.c4 e6 4.Bg2 Be7 5.O-O O-O 6.d4 Ne4 7.Qc2 Bf6 8.b3 c5 9.Bb2
b6 10.Rd1 d5 11.dxc5 bxc5 12.Nc3 Bb7 13.cxd5 exd5 14.Ne1 Na6 15.Nxe4 fxe4
16.Bxe4 Nb4 17.Qc1 Qb6 18.Bf3 Rae8 19.Bxf6 Rxf6 20.a3 Na6 21.Qd2 d4 22.b4 Bxf3
23.Nxf3 cxb4 24.Nxd4 b3 25.Rab1 Nc5 26.Qb4 a5 27.Qc4+ Kh8 28.a4 Rb8 29.Rdc1 b2
30.Rc2 Ne4 31.Rcxb2 Qxb2 32.Rxb2 Rxb2 33.Ne6 Rb1+ 34.Kg2 {#r} 1-0

[Event "Ch Estonia (w)"]
[Site "masterchessopen.com - Tallinn (Estonia)"]
[Date "2006.03.05"]
[Round "1"]
[White "Vahtra Tuuli (EST)"]
[Black "Fomina Tatyana (EST)"]
[Result "1-0"]
[WhiteElo "1972"]
[BlackElo "2232"]

1.c4 e6 2.Nf3 f5 3.g3 Nf6 4.Bg2 Be7 5.O-O O-O 6.d4 Ne4 7.Nc3 Bf6 8.Qc2 Nxc3
9.bxc3 d6 10.e4 g6 11.Ba3 Nc6 12.Rad1 Rb8 13.e5 Be7 14.exd6 cxd6 15.d5 Na5
16.Qe2 Qc7 17.c5 dxc5 18.dxe6 Nc6 19.Bc1 Qa5 20.Ne5 Nd8 21.Nd7 Bxd7 22.Rxd7
Re8 23.Qe5 {#r} 1-0

[Event "Ch Russia (juniors) (under 12) (g)"]
[Site "masterchessopen.com - Dagomys (Russia)"]
[Round "8"]
[White "Bakunina Albina (RUS)"]
[Black "Martynova Anastasia (RUS)"]
[Result "0-1"]
[WhiteElo "1921"]
[BlackElo "1884"]

1.d4 e6 2.c4 f5 3.g3 Nf6 4.Nf3 Be7 5.Bg2 O-O 6.O-O Ne4 7.Nbd2 Bf6 8.Nxe4 fxe4
9.Ne1 d5 10.c5 Nc6 11.Nc2 Bd7 12.Bf4 Be8 13.Bc1 Bh5 14.Qd2 Qe8 15.f4 Bg4 16.e3
Qh5 17.b4 a6 18.a4 Ne7 19.b5 axb5 20.axb5 Rxa1 21.Nxa1 Be2 22.Re1 Bxb5 23.Qa5
c6 24.Qc7 Ba6 25.Nc2 Nf5 26.Nb4 Bd8 27.Qd7 Qf7 28.Qxf7+ Rxf7 29.Nxa6 bxa6
30.Bd2 Ra7 31.Ra1 a5 {#R} 0-1

[Event "It (open)"]
[Site "masterchessopen.com - Metz (France)"]
[Date "2006.04.26"]
[Round "5"]
[White "Postny Evgeny (ISR)"]
[Black "Haub Thorsten-Michael (GER)"]
[Result "1-0"]
[WhiteElo "2609"]
[BlackElo "2474"]

1.d4 e6 2.c4 f5 3.g3 Nf6 4.Bg2 Be7 5.Nf3 O-O 6.O-O Ne4 7.b3 Bf6 8.Bb2 d5
9.Nbd2 c5 10.cxd5 exd5 11.Qc2 cxd4 12.Nxd4 Qb6 13.N2f3 Nc6 14.Rad1 Bd7 15.Qb1
Rae8 16.e3 g5 17.Ne2 Nb4 18.Bxf6 Rxf6 19.a3 Nc6 20.Qb2 Na5 21.Rxd5 Bc6 22.Rd3
Bb5 23.Rd4 Bxe2 24.Qxe2 g4 25.Nh4 Nxg3 26.hxg3 Qxd4 27.b4 Qd5 28.bxa5 Qxa5
29.Rd1 Qxa3 30.Nxf5 Qb4 31.Qa2+ Kf8 32.e4 h5 33.Qxa7 Qb6 34.Qa3+ Kg8 35.Qc3
Rd8 36.Rc1 Re8 37.Qd2 Rg6 38.e5 {#r} 1-0

[Event "Ch Great Britain"]
[Site "masterchessopen.com - Swansea (Wales)"]
[Date "2006.08.14"]
[Round "8"]
[White "Rowson Jonathan (SCO)"]
[Black "Williams Simon (ENG)"]
[Result "1-0"]
[WhiteElo "2588"]
[BlackElo "2473"]

1.d4 e6 2.Nf3 f5 3.g3 Nf6 4.Bg2 Be7 5.O-O O-O 6.c4 Ne4 7.Qc2 Nc6 8.Nc3 Nxc3
9.Qxc3 Qe8 10.Ne5 Nd8 11.b4 d6 12.Nd3 Bf6 13.Bb2 Bd7 14.Qd2 g5 15.Rae1 Qg6
16.e4 fxe4 17.Bxe4 Qg7 18.Ne5 Be8 19.Ng4 Be7 20.d5 e5 21.Kh1 Bd7 22.Ne3 g4
23.Qe2 a5 24.b5 b6 25.h3 Qh6 26.h4 Qh5 27.f3 gxf3 28.Rxf3 Rxf3 29.Bxf3 Qg6
30.Bxe5 dxe5 31.d6 e4 32.dxe7 Nf7 33.Bh5 Qe6 34.Bg4 Bc8 {#r} 1-0

[Event "It (open)"]
[Site "masterchessopen.com - Bratto (Italy)"]
[Date "2006.08.25"]
[Round "7"]
[White "Scotti Umberto (ITA)"]
[Black "Castaldo Folco (ITA)"]
[Result "0-1"]
[WhiteElo "2203"]
[BlackElo "2345"]

1.d4 e6 2.Nf3 f5 3.c4 Nf6 4.g3 Be7 5.Bg2 O-O 6.O-O Ne4 7.b3 Bf6 8.Bb2 Nc6
9.Nbd2 d6 10.Qc2 Nxd2 11.Qxd2 e5 12.dxe5 dxe5 13.Rad1 Qxd2 14.Nxd2 a5 15.Nb1
a4 16.Bd5+ Kh8 17.bxa4 Nd4 18.e3 Ne6 19.Ba3 Rd8 20.Nc3 e4 21.Nb5 Rxa4 22.Bxe6
Bxe6 23.Rxd8+ Bxd8 24.Rd1 Ra8 25.Nd4 Bxc4 26.Nxf5 Bd3 27.Bb2 Bf6 28.Bxf6 gxf6
29.f3 Kg8 30.Rc1 exf3 31.Ne7+ Kf8 32.Nd5 Rxa2 {#R} 0-1

[Event "It"]
[Site "masterchessopen.com - Coulsdon (England)"]
[Date "2006.08.30"]
[Round "5"]
[White "Cox John J (ENG)"]
[Black "Eggleston David (ENG)"]
[Result "0-1"]
[WhiteElo "2414"]
[BlackElo "2239"]

1.d4 e6 2.c4 f5 3.g3 Nf6 4.Bg2 Be7 5.Nf3 O-O 6.O-O Ne4 7.d5 Bf6 8.Nfd2 exd5
9.cxd5 Nd6 10.Qc2 Na6 11.Nf3 b6 12.Nc3 Bb7 13.Rd1 Nc5 14.Bf4 Qe7 15.b4 Nce4
16.Nxe4 Nxe4 17.Qxc7 Bxa1 18.d6 Qe6 19.Qxb7 Bf6 20.Nd2 Nc3 21.Re1 Rac8 22.h4
Kh8 23.Qxa7 Nxa2 24.Qxb6 Rc1 25.Rxc1 Nxc1 26.e3 Qa2 27.Nf3 Nd3 28.e4 fxe4
29.Ng5 Nxf4 30.gxf4 h6 31.Bxe4 hxg5 32.hxg5 Qa1+ 33.Kg2 Bd4 34.Qc7 Qb2 35.Bc2
Qc3 36.Ba4 Qd2 37.Qxd7 Qxf2+ 38.Kh3 Qf3+ 39.Kh2 Qxf4+ {#R} 0-1

[Event "It (open)"]
[Site "masterchessopen.com - Bad Wiessee (Germany)"]
[Date "2006.11.10"]
[Round "7"]
[White "Hein Erwin (GER)"]
[Black "Chetverik Maxim (RUS)"]
[Result "0-1"]
[WhiteElo "2179"]
[BlackElo "2289"]

1.d4 f5 2.g3 Nf6 3.Bg2 e6 4.c4 Be7 5.Nf3 O-O 6.O-O Ne4 7.Qc2 Bf6 8.Nc3 d5
9.Bf4 c6 10.Be5 Nd7 11.Bxf6 Qxf6 12.Rad1 Nd6 13.cxd5 exd5 14.b4 Kh8 15.a4 a5
16.b5 Nc4 17.e3 Ndb6 18.Ne1 Bd7 19.Nd3 Rae8 20.Nc5 Bc8 21.bxc6 bxc6 22.Nb1 g5
23.Bf3 f4 24.exf4 gxf4 25.Bh5 Bf5 26.Qc3 Re7 27.Rc1 fxg3 28.fxg3 Re3 29.Qa1
Qg5 30.g4 Rg8 {#R} 0-1

[Event "Ch Ukraine (w)"]
[Site "masterchessopen.com - Odessa (Ukraine)"]
[Date "2006.12.06"]
[Round "11"]
[White "Zhukova Natalia (UKR)"]
[Black "Ivanova Svetlana (UKR)"]
[Result "1-0"]
[WhiteElo "2456"]
[BlackElo "2228"]

1.d4 f5 2.g3 Nf6 3.Bg2 e6 4.Nf3 Be7 5.O-O O-O 6.c4 Ne4 7.Nbd2 Nxd2 8.Bxd2 Bf6
9.Qc2 Nc6 10.Bc3 d5 11.b3 Qe8 12.Rad1 a5 13.Ne5 Ne7 14.Nd3 c6 15.f3 Ng6 16.e4
fxe4 17.fxe4 dxc4 18.bxc4 e5 19.d5 Bg4 20.Rb1 b5 21.h3 bxc4 22.Nb2 Bc8 23.Na4
Bd8 24.Rxf8+ Qxf8 25.Kh2 cxd5 26.Rf1 Qd6 27.exd5 Bb7 28.Qf2 Qf6 29.Qb2 {#r}
1-0

[Event "It (a)"]
[Site "masterchessopen.com - Coulsdon (England)"]
[Date "2006.12.12"]
[Round "3"]
[White "Radovanovic Jovica (SRB)"]
[Black "Eggleston David (ENG)"]
[Result "1-0"]
[WhiteElo "2331"]
[BlackElo "2239"]

1.d4 f5 2.g3 Nf6 3.Bg2 e6 4.Nf3 Be7 5.O-O O-O 6.c4 Ne4 7.Nbd2 Bf6 8.Nxe4 fxe4
9.Ne5 d5 10.Ng4 Be7 11.Bf4 Nd7 12.Rc1 c6 13.f3 exf3 14.Bxf3 Nf6 15.Be5 Bd7
16.Nf2 dxc4 17.Rxc4 Nd5 18.Qd3 c5 19.dxc5 Bb5 20.Bxd5 Qxd5 21.Qxd5 exd5 22.Rg4
g5 23.Bd6 Bf6 24.Bxf8 Rxf8 25.Nd3 h6 26.Rb4 Ba6 27.b3 Kg7 28.c6 bxc6 29.Ra4
Bc8 30.Rxa7+ Kg6 31.Ne5+ Kh5 32.Kg2 c5 33.Nd7 Bxd7 34.Rxd7 d4 35.Rc7 {#r} 1-0

[Event "It (open)"]
[Site "masterchessopen.com - Werther (Germany)"]
[Round "5"]
[White "Schormann Conrad (GER)"]
[Black "Chetverik Maxim (RUS)"]
[Result "0-1"]
[WhiteElo "2117"]
[BlackElo "2314"]

1.d4 f5 2.Nf3 Nf6 3.g3 e6 4.Bg2 Be7 5.O-O O-O 6.c4 Ne4 7.Nfd2 d5 8.Nxe4 dxe4
9.f3 Bf6 10.d5 exf3 11.Bxf3 e5 12.e4 f4 13.Nc3 g5 14.Bg4 a5 15.a3 Be7 16.Rb1
Bc5+ 17.Kg2 Ra6 18.b4 axb4 19.axb4 Bd4 20.Nb5 Ra2+ 21.Kh1 fxg3 {#R} 0-1

[Event "Ch England (team) 2006/07 (2 div)"]
[Site "masterchessopen.com - England"]
[Date "2007.03.03"]
[Round "7"]
[White "Bates Richard (ENG)"]
[Black "Eggleston David (ENG)"]
[Result "1-0"]
[WhiteElo "2378"]
[BlackElo "2341"]

1.d4 e6 2.c4 f5 3.g3 Nf6 4.Bg2 Be7 5.Nf3 O-O 6.O-O Ne4 7.d5 Bf6 8.Nd4 c5 9.Nc2
Nd6 10.Nca3 e5 11.Nc3 Na6 12.Nab5 Be7 13.e4 Nc7 14.Nxd6 Bxd6 15.exf5 Rxf5
16.Be4 Qf8 17.Bxf5 Qxf5 18.f4 Qg6 19.Qf3 h6 20.Ne4 Ne8 21.Nxd6 Nxd6 22.fxe5
Nxc4 23.Bf4 Nxb2 24.Qb3 Nd3 25.d6+ Kh7 26.Rf3 Nb4 27.Bd2 Qe4 28.Bxb4 Qd4+
29.Kg2 Qxa1 30.Bc3 Qc1 31.Rf8 c4 32.Qxc4 Qc2+ 33.Kh3 b5 34.Qg8+ Kg6 35.Rf6+
Kh5 36.g4+ Kg5 37.Qxg7+ Qg6 38.Qxg6# 1-0

[Event "It"]
[Site "masterchessopen.com - Coulsdon (England)"]
[Date "2007.04.02"]
[Round "4"]
[White "Cherniaev Alexander (RUS)"]
[Black "Eggleston David (ENG)"]
[Result "1-0"]
[WhiteElo "2265"]
[BlackElo "2341"]

1.d4 e6 2.c4 f5 3.g3 Nf6 4.Bg2 Be7 5.Nf3 O-O 6.O-O Ne4 7.Qc2 Bf6 8.Nc3 Nxc3
9.bxc3 Nc6 10.Rb1 d6 11.d5 Na5 12.Nd4 e5 13.Nxf5 Nxc4 14.Be4 g6 15.Nh6+ Kg7
16.h4 Bh3 17.Bg2 Bxg2 18.Kxg2 Qd7 19.Qe4 Nb6 20.Rd1 c6 21.dxc6 bxc6 22.Ng4 Kh8
23.Ba3 Be7 24.Nxe5 Qe6 25.Nxg6+ Qxg6 26.Qxe7 Rae8 27.Qxd6 Qe4+ 28.Kg1 Rxf2
29.Kxf2 Qxe2+ 30.Kg1 Qe5 31.Kg2 Qe4+ 32.Kh2 Qc2+ 33.Kg1 Nd5 34.Bc5 {#r} 1-0

[Event "Ch Baden (seniors)"]
[Site "masterchessopen.com - Oberwinden (Germany)"]
[Date "2007.04.10"]
[Round "5"]
[White "Woisetschlaeger Adolf (GER)"]
[Black "Tepel Juergen"]
[Result "0-1"]
[WhiteElo "1950"]
[BlackElo "1829"]

1.c4 f5 2.g3 Nf6 3.Bg2 e6 4.Nf3 Be7 5.O-O O-O 6.d4 Ne4 7.Nc3 Nxc3 8.bxc3 d6
9.h4 Nd7 10.Ng5 Nf6 11.Re1 Rb8 12.Bf3 h6 13.Nh3 e5 14.dxe5 dxe5 15.Bg2 c6
16.a4 Qa5 17.Ba3 Bxa3 18.Rxa3 Rd8 19.Qb3 Be6 20.e3 Qc5 21.Bf1 Qe7 22.Qb4 c5
23.Qb1 Ne4 24.Kg2 Rd7 25.Rd1 Rbd8 26.Rxd7 Rxd7 27.Ra2 Nxc3 28.Qc2 Nxa2 29.Qxa2
Qd6 30.Ng1 f4 31.exf4 exf4 32.gxf4 Qxf4 33.Qe2 Qg4+ 34.Qxg4 Bxg4 35.Kg3 Rd1
36.Kg2 Bd7 37.Be2 Bc6+ 38.f3 Ra1 39.Kf2 Bxa4 40.Bd3 Bc6 {#R} 0-1

[Event "It (open)"]
[Site "masterchessopen.com - Triesen (Liechtenstein)"]
[Date "2007.05.19"]
[Round "9"]
[White "Foisor Sabina-Francesca (USA)"]
[Black "Buergi Oswald (SUI)"]
[Result "1-0"]
[WhiteElo "2359"]
[BlackElo "2125"]

1.d4 f5 2.g3 Nf6 3.Bg2 e6 4.Nf3 Be7 5.O-O O-O 6.c4 Ne4 7.d5 Bf6 8.Nfd2 Nxd2
9.Qxd2 e5 10.d6 cxd6 11.Qxd6 Nc6 12.Nc3 Be7 13.Qd2 Bb4 14.a3 Bxc3 15.Qxc3 d6
16.Bd5+ Kh8 17.b4 Nd4 18.Re1 Qe7 19.e3 Ne6 20.Bb2 e4 21.f4 exf3 22.Bxf3 Ng5
23.Bg2 Be6 24.Qd4 Rac8 25.Rac1 Qf7 26.Rf1 Qf6 27.Qxf6 gxf6 28.Bxb7 Rxc4
29.Rxc4 Bxc4 30.Rxf5 Kg8 31.Bxf6 h6 32.e4 Be6 33.Rf1 Bh3 34.Rf2 Nf7 35.Bd4 Kh7
36.Bd5 {#r} 1-0

[Event "Memorial Izmailov (open)"]
[Site "masterchessopen.com - Tomsk (Russia)"]
[Date "2008.07.02"]
[Round "8"]
[White "Volkov Mikhail (RUS)"]
[Black "Morozov Boris (RUS)"]
[Result "1-0"]
[WhiteElo "1880"]
[BlackElo "1964"]

1.d4 e6 2.Nf3 f5 3.g3 Nf6 4.c4 Be7 5.Bg2 O-O 6.O-O Ne4 7.Qb3 d5 8.Nc3 c6 9.Ne5
Bf6 10.cxd5 exd5 11.f4 Kh8 12.Nxe4 fxe4 13.Bd2 a5 14.e3 Qc7 15.Rac1 Na6 16.Qa3
Be7 17.Qxa5 Qd6 18.a3 Bf5 19.Qc3 Qe6 20.Rf2 Bh3 21.Rcf1 Bxg2 22.Kxg2 g6 23.Qc2
Kg7 24.Qd1 Nc7 25.h3 Ne8 26.Kh2 h6 27.g4 Bd6 28.Bc3 Qc8 29.f5 g5 30.Kg2 Nf6
31.Qb3 Qc7 32.Rc2 c5 33.Ng6 Rfd8 34.dxc5 Bh2 35.Kh1 Bg3 36.Bd4 Ra6 37.Qc3 Kf7
38.b4 Rda8 39.Ra1 Qd8 40.b5 Ra4 {#r} 1-0

[Event "Ch MGFSO (open)"]
[Site "masterchessopen.com - Moscow (Russia)"]
[Date "2008.10.04"]
[Round "3"]
[White "Lagashin Pavel (RUS)"]
[Black "Parahoni Anna (RUS)"]
[Result "1-0"]
[WhiteElo "2015"]
[BlackElo "1754"]

1.d4 e6 2.g3 f5 3.Bg2 Nf6 4.Nf3 Be7 5.O-O O-O 6.c4 Ne4 7.Qb3 Kh8 8.Nc3 Nxc3
9.bxc3 d6 10.Rd1 Qe8 11.Bf4 Nc6 12.d5 Nd8 13.c5 e5 14.cxd6 exf4 15.dxe7 Qxe7
16.Qb4 Qxb4 17.cxb4 fxg3 18.hxg3 Bd7 19.Rac1 c6 20.Ne5 Be8 21.dxc6 bxc6
22.Nxc6 Nxc6 23.Bxc6 Bxc6 24.Rxc6 Rf7 25.Rdc1 g6 26.Rc7 Raf8 27.b5 Kg7 28.a4
Re8 29.Rxf7+ Kxf7 30.Rc7+ Re7 31.Rxe7+ Kxe7 32.f3 Kd6 33.e4 fxe4 34.fxe4 Ke5
35.a5 Kd6 36.e5+ Kxe5 37.b6 axb6 38.a6 {#r} 1-0

[Event "Memorial M.Chigorin (open)"]
[Site "masterchessopen.com - St. Petersburg (Russia)"]
[Date "2008.10.06"]
[Round "4"]
[White "Nuretdinov Igor (TJK)"]
[Black "Karataev Oleg (RUS)"]
[Result "1-0"]
[WhiteElo "2174"]
[BlackElo "1965"]

1.d4 e6 2.c4 f5 3.g3 Nf6 4.Bg2 Be7 5.Nf3 O-O 6.O-O Ne4 7.Nc3 Bf6 8.Ne1 d5 9.f3
Nxc3 10.bxc3 c5 11.Ba3 Na6 12.cxd5 exd5 13.Nd3 Re8 14.Bxc5 Nxc5 15.Nxc5 b6
16.Nd3 Ba6 17.f4 Rc8 18.Qd2 Qd7 19.Ne5 Bxe5 20.dxe5 Red8 21.Rfd1 Rc5 22.e4
fxe4 23.Bxe4 Qa4 24.Bg2 Bc4 25.Kh1 Qe8 26.Qf2 Rc7 27.Rd4 Qe6 28.Re1 g6 29.Red1
Rcd7 30.Bf3 h5 31.Qg2 Kf8 32.g4 Qf7 33.f5 gxf5 34.Rf4 hxg4 35.Bxg4 {#r} 1-0

[Event "Czech League 2008/09 (2nd) (e)"]
[Site "masterchessopen.com - Czech Republic"]
[Date "2009.01.11"]
[Round "6"]
[White "Sochor Stanislav (CZE)"]
[Black "Fiala Vlasimil"]
[Result "1-0"]
[WhiteElo "2118"]
[BlackElo "1997"]

1.d4 f5 2.Nf3 Nf6 3.g3 e6 4.Bg2 Be7 5.O-O O-O 6.c4 Ne4 7.b3 Bf6 8.Bb2 c5 9.Nc3
Nc6 10.e3 d5 11.cxd5 exd5 12.Ne2 g5 13.Qc1 g4 14.Ne5 Qe7 15.Nf4 Rd8 16.Nxc6
bxc6 17.dxc5 a5 18.Bxe4 fxe4 19.Bxf6 Qxf6 20.Rd1 Rf8 21.Rd4 Ba6 22.Qd2 Qh6
23.Ra4 Rxf4 24.exf4 Rf8 25.Rxa5 Bd3 26.Qb2 Kf7 27.Ra7+ Kg6 28.Re7 Kf5 29.Re5+
{#r} 1-0

[Event "Ch Europe (w)"]
[Site "masterchessopen.com - St. Petersburg (Russia)"]
[Date "2009.03.13"]
[Round "6"]
[White "Zakharova Alexandra (RUS)"]
[Black "Martynova Anastasia (RUS)"]
[Result "1-0"]
[WhiteElo "2136"]
[BlackElo "1903"]

1.d4 e6 2.Nf3 f5 3.g3 Nf6 4.Bg2 Be7 5.O-O O-O 6.c4 Ne4 7.Nbd2 d5 8.b3 Bf6
9.Ba3 Re8 10.Rc1 Nc6 11.e3 a5 12.Bb2 Nb4 13.a3 Nd3 14.Rb1 Qe7 15.Qc2 Nxb2
16.Qxb2 c5 17.Ne5 a4 18.bxa4 cxd4 19.exd4 Rxa4 20.cxd5 exd5 21.Nxe4 Bxe5
22.dxe5 fxe4 23.Qb3 Rd4 24.Bxe4 Qxe5 25.Bg2 Kh8 26.Qc3 Qf6 27.Qc5 Rd8 28.Rb6
Qe5 29.Qa5 Qc7 30.Re1 h6 31.Rxh6+ {#r} 1-0

[Event "Ch England (team) 2008/09"]
[Site "masterchessopen.com - England"]
[Date "2009.05.04"]
[Round "11"]
[White "Jaunooby Ali R (ENG)"]
[Black "Russell Christopher (ENG)"]
[Result "1-0"]
[WhiteElo "2171"]
[BlackElo "2065"]

1.d4 e6 2.c4 f5 3.g3 Nf6 4.Bg2 Be7 5.Nf3 O-O 6.O-O Ne4 7.Ne5 d6 8.Nd3 Bf6 9.f3
Ng5 10.Nf2 e5 11.d5 Qe8 12.Nc3 a5 13.f4 Nf7 14.e4 g6 15.Re1 Na6 16.Nd3 Qd8
17.exf5 gxf5 18.Qh5 Nb4 19.Rd1 Nxd3 20.Rxd3 Re8 21.g4 Qd7 22.g5 Bg7 23.Rh3 h6
24.g6 Nd8 25.fxe5 Rxe5 26.Bxh6 f4 27.Bg5 Kf8 28.Rf1 Rf5 29.Qh4 {#r} 1-0